| 000 | 00638nam a2200265Ia 4500 | ||
|---|---|---|---|
| 008 | 210210b2011 xxu||||| |||| 00| 0 eng d | ||
| 020 | _a9788125041924 | ||
| 041 | _aeng | ||
| 082 | _a332.042 REDI | ||
| 100 | _aREDDY (Y V) | ||
| 245 |
_aIndia and the global financial crisis _bManaging money and finance |
||
| 260 |
_aHyderabad _bOrient BlackSwan _c2011 |
||
| 300 | _axvi,397 | ||
| 650 | _athe | ||
| 650 | _amoney | ||
| 650 | _aManaging | ||
| 650 | _aIndia | ||
| 650 | _aglobal | ||
| 650 | _afinancial | ||
| 650 | _afinance | ||
| 650 | _acrisis | ||
| 650 | _aand | ||
| 690 | _aInternational Finance | ||
| 906 | _a066562 | ||
| 999 |
_c147710 _d147710 |
||